Umberto Eco y el fútbol / (Record no. 98137)

MARC details
000 -LEADER
fixed length control field 00773nam a22002417a 4500
005 - DATE AND TIME OF LATEST TRANSACTION
control field 20150810124903.0
008 - FIXED-LENGTH DATA ELEMENTS--GENERAL INFORMATION
fixed length control field 150810b spu||||| |||| 00| 0 spa d
020 ## - INTERNATIONAL STANDARD BOOK NUMBER
International Standard Book Number 8497840348
050 #4 - LIBRARY OF CONGRESS CALL NUMBER
Classification number GV943
Item number T75 2004
100 1# - MAIN ENTRY--PERSONAL NAME
Personal name Trifonas, Peter Pericles,
245 10 - TITLE STATEMENT
Title Umberto Eco y el fútbol /
250 ## - EDITION STATEMENT
Edition statement 1a ed.
260 ## - PUBLICATION, DISTRIBUTION, ETC. (IMPRINT)
Place of publication, distribution, etc Barcelona :
Name of publisher, distributor, etc Gedisa,
Date of publication, distribution, etc 2004
300 ## - PHYSICAL DESCRIPTION
Extent 94 p. ;
Dimensions 20 cm.
490 #0 - SERIES STATEMENT
Series statement Encuentros comtemporáneos
500 ## - GENERAL NOTE
General note Traducción de: Umberto Eco and football
504 ## - BIBLIOGRAPHY, ETC. NOTE
Bibliography, etc Incluye bibliografía e índice
600 14 - SUBJECT ADDED ENTRY--PERSONAL NAME
Personal name Eco, Umberto,
Dates associated with a name 1932-
General subdivision Crítica e interpretación
650 #4 - SUBJECT ADDED ENTRY--TOPICAL TERM
Topical term or geographic name as entry element Fútbol
General subdivision Aspectos psicológicos
-- Aspectos sociales
-- Filosofía
650 #4 - SUBJECT ADDED ENTRY--TOPICAL TERM
Topical term or geographic name as entry element Semiótica
700 ## - ADDED ENTRY--PERSONAL NAME
Personal name Costa, Rita da,
Relator term tr.
942 ## - ADDED ENTRY ELEMENTS (KOHA)
Source of classification or shelving scheme Biblioteca del Cogreso de los Estados Unidos
Koha item type Libro
Holdings
Estado de pérdida Fuente de clasificación Estado del daño No para préstamo Ubicación permanente Ubicación actual Apartado o colección Fecha de adquisición Fuente de adquisición Edición Dependencia de educación superior (DES) Área del conocimiento Clasificación Código de Barras Date last seen Número de copia Tipo de recurso
  Biblioteca del Cogreso de los Estados Unidos     Biblioteca de la Facultad de Filosofía Biblioteca de la Facultad de Filosofía General 10/08/2015 Unidad Académica Generado 1a ed. Humanidades Educación y Humanidades GV943 T75 2004 BFF000012628 10/08/2015 C:1 Libro